Cyfry liczby e - Statystyki

Ogólne statystyki
  • Ten quiz został rozwiązany 16 razy
  • Średni wynik to 13 z 50
Statystyki odpowiedzi
Cyfra % Poprawnych
2,
100%
7
94%
1
81%
8
69%
2
63%
8
63%
1
56%
4
50%
5
50%
8
50%
2
44%
8
44%
0
38%
4
31%
9
31%
0
19%
3
19%
3
19%
5
19%
5
19%
0
13%
1
13%
2
13%
2
13%
3
13%
3
13%
4
13%
4
13%
4
13%
5
13%
6
13%
7
13%
7
13%
7
13%
7
13%
7
13%
8
13%
2
6%
2
6%
2
6%
5
6%
6
6%
6
6%
6
6%
7
6%
9
6%
9
6%
9
6%
9
6%
9
6%
Nie znaleziono quizów pasujących do podanych kryteriów
Rozkład punktacji
Procent ludzi z każdym wynikiem
Percentyl według liczby udzielonych odpowiedzi
Twoja historia wyników
Nie rozwiązałeś tego quizu